[Event "Bhubaneswar op 3rd"]
[Site "Bhubaneswar"]
[Date "2011.05.29"]
[Round "3"]
[White "Suvrajit, Saha"]
[Black "Malakar, Prachand Man"]
[Result "1-0"]
[WhiteElo "2370"]
[BlackElo "1967"]
[PlyCount "37"]
[EventDate "2011.05.28"]
[EventType "swiss"]
[EventRounds "11"]
[EventCountry "IND"]
[SourceTitle "CBM 142 Extra"]
[Source "ChessBase"]
[SourceDate "2011.06.27"]
[SourceVersion "1"]
[SourceVersionDate "2011.06.27"]
[SourceQuality "1"]

1. Nf3 d5 2. c4 Nf6 3. cxd5 Qxd5 4. Nc3 Qd8 5. d4 e6 6. e4 Be7 7. Be3 0-0 8. h3 b6 9. Bd3 Bb7 10. Qc2 Ba6 11. Rd1 Bxd3 12. Rxd3 a6 13. 0-0 Nc6 14. a3 Rc8 15. Rfd1 Qd7 16. d5 exd5 17. e5 Ne8 18. Nxd5 Nd6 19. Qxc6 1-0

[Event "Olympiad-39"]
[Site "Khanty-Mansiysk"]
[Date "2010.10.03"]
[Round "11.1"]
[White "Gajadin, Dewperkash"]
[Black "Malakar, Prachand Man"]
[Result "1-0"]
[WhiteElo "2179"]
[BlackElo "1959"]
[PlyCount "55"]
[EventDate "2010.09.21"]
[EventType "team-swiss"]
[EventRounds "11"]
[EventCountry "RUS"]
[SourceTitle "CBM 139"]
[Source "ChessBase"]
[SourceDate "2010.11.18"]
[SourceVersion "1"]
[SourceVersionDate "2010.11.18"]
[SourceQuality "1"]
[WhiteTeam "Surinam"]
[BlackTeam "Nepal"]
[WhiteTeamCountry "SUR"]
[BlackTeamCountry "NEP"]

1. e4 c5 2. Nf3 Nc6 3. d4 cxd4 4. Nxd4 Nf6 5. Nc3 e6 6. Ndb5 d6 7. Bf4 e5 8. Bg5 a6 9. Bxf6 gxf6 10. Na3 Be6 11. Nc4 b5 12. Ne3 Bh6 13. Ncd5 0-0 14. Qh5 Bg7 15. Bd3 Kh8 16. 0-0 Rg8 17. f4 Ra7 18. Rf3 Nd4 19. Rg3 Qf8 20. Rf1 h6 21. fxe5 fxe5 22. Nf6 Rc7 23. c3 Bc4 24. Bxc4 bxc4 25. cxd4 exd4 26. Ned5 Rb7 27. Qf5 Bxf6 28. Rxg8+ 1-0

[Event "Olympiad-39"]
[Site "Khanty-Mansiysk"]
[Date "2010.09.25"]
[Round "5.3"]
[White "Malakar, Prachand Man"]
[Black "Croes, Octavio"]
[Result "1-0"]
[WhiteElo "1959"]
[BlackElo "1951"]
[PlyCount "89"]
[EventDate "2010.09.21"]
[EventType "team-swiss"]
[EventRounds "11"]
[EventCountry "RUS"]
[SourceTitle "CBM 139"]
[Source "ChessBase"]
[SourceDate "2010.11.18"]
[SourceVersion "1"]
[SourceVersionDate "2010.11.18"]
[SourceQuality "1"]
[WhiteTeam "Nepal"]
[BlackTeam "Aruba"]
[WhiteTeamCountry "NEP"]
[BlackTeamCountry "ARN"]

1. d4 Nf6 2. c4 e6 3. Nc3 Bb4 4. Bd2 0-0 5. Nf3 d6 6. Qc2 Nc6 7. e4 e5 8. d5 Ne7 9. Be2 Ng6 10. h3 Bxc3 11. Bxc3 Nf4 12. Bf1 c6 13. g3 Ng6 14. Bd3 Nxe4 15. Bxe4 f5 16. Bd3 e4 17. Be2 exf3 18. Bxf3 Re8+ 19. Kf1 c5 20. Be2 Qe7 21. Bd3 Qf7 22. f4 b5 23. b3 b4 24. Bb2 Bd7 25. Kf2 a5 26. a3 Ne7 27. Rae1 a4 28. axb4 axb3 29. Qxb3 Ba4 30. Qc3 cxb4 31. Qxb4 Reb8 32. Qc3 Rb3 33. Qd4 Bd7 34. Re2 Kf8 35. Bc2 Rbb8 36. Qxg7+ Qxg7 37. Bxg7+ Kf7 38. Ra1 Ng8 39. Rxa8 Rxa8 40. Bd4 Ra5 41. Bb6 Ra2 42. Bc7 Ra6 43. Bd3 Ra3 44. Re3 Nf6 45. Bxd6 1-0

[Event "Olympiad-39"]
[Site "Khanty-Mansiysk"]
[Date "2010.09.22"]
[Round "2.2"]
[White "Malakar, Prachand Man"]
[Black "Cossa, Pedro Ventura"]
[Result "1-0"]
[WhiteElo "1959"]
[BlackElo "2010"]
[PlyCount "81"]
[EventDate "2010.09.21"]
[EventType "team-swiss"]
[EventRounds "11"]
[EventCountry "RUS"]
[SourceTitle "CBM 139"]
[Source "ChessBase"]
[SourceDate "2010.11.18"]
[SourceVersion "1"]
[SourceVersionDate "2010.11.18"]
[SourceQuality "1"]
[WhiteTeam "Nepal"]
[BlackTeam "Mozambique"]
[WhiteTeamCountry "NEP"]
[BlackTeamCountry "MOZ"]

1. d4 Nf6 2. c4 c5 3. d5 d6 4. Nc3 g6 5. e4 Bg7 6. Bd3 Nbd7 7. Nf3 a6 8. 0-0 Ng4 9. Bd2 0-0 10. b3 Rb8 11. a4 Qc7 12. Rc1 Nge5 13. Bb1 Nxf3+ 14. Qxf3 Ne5 15. Qg3 Qd7 16. h3 Qc7 17. Qh4 Re8 18. f4 Nd7 19. Bd3 Qb6 20. Bc2 Qc7 21. Rce1 Ra8 22. Kh1 Bf6 23. Qf2 Rb8 24. Qf3 Bg7 25. e5 Rf8 26. e6 Nf6 27. f5 fxe6 28. dxe6 Ne8 29. Nd5 Qd8 30. Qg3 b5 31. axb5 axb5 32. Bg5 Rb7 33. Qh4 bxc4 34. Nxe7+ Rxe7 35. Bxe7 Bf6 36. Bxd8 Bxh4 37. Bxh4 gxf5 38. bxc4 f4 39. Be4 Bxe6 40. Bxh7+ Kxh7 41. Rxe6 1-0

[Event "Olympiad-39"]
[Site "Khanty-Mansiysk"]
[Date "2010.09.21"]
[Round "1.3"]
[White "Malakar, Prachand Man"]
[Black "Gonzalez Garcia, Jose"]
[Result "1/2-1/2"]
[WhiteElo "1959"]
[BlackElo "2543"]
[PlyCount "70"]
[EventDate "2010.09.21"]
[EventType "team-swiss"]
[EventRounds "11"]
[EventCountry "RUS"]
[SourceTitle "CBM 139"]
[Source "ChessBase"]
[SourceDate "2010.11.18"]
[SourceVersion "1"]
[SourceVersionDate "2010.11.18"]
[SourceQuality "1"]
[WhiteTeam "Nepal"]
[BlackTeam "Mexico"]
[WhiteTeamCountry "NEP"]
[BlackTeamCountry "MEX"]

1. d4 Nf6 2. c4 e6 3. Nc3 Bb4 4. Bd2 0-0 5. e3 b6 6. Nf3 Bb7 7. Be2 c5 8. 0-0 d6 9. a3 Bxc3 10. Bxc3 Ne4 11. Be1 Nc6 12. Rc1 f5 13. Nd2 Nxd2 14. Qxd2 f4 15. Bf3 fxe3 16. fxe3 Na5 17. Bxb7 Rxf1+ 18. Kxf1 Nxb7 19. Bg3 Qg5 20. Bf4 Rf8 21. Kg1 Qf5 22. Bg3 Qe4 23. Re1 h6 24. b4 Rf5 25. Qd1 h5 26. Qb1 Qg4 27. Qd1 Qg5 28. dxc5 bxc5 29. Bxd6 h4 30. h3 Nxd6 31. Qxd6 Re5 32. bxc5 Rxe3 33. Rxe3 Qxe3+ 34. Kh2 e5 35. c6 Qg3+ 1/2-1/2

[Event "The Himalayan op"]
[Site "Kathmandu"]
[Date "2010.09.09"]
[Round "1"]
[White "Malakar, Prachand Man"]
[Black "Sauravh, Khherdekar"]
[Result "1-0"]
[WhiteElo "1959"]
[BlackElo "2345"]
[PlyCount "71"]
[EventDate "2010.09.09"]
[EventType "swiss"]
[EventRounds "9"]
[EventCountry "NEP"]
[SourceTitle "EXT 2013"]
[Source "ChessBase"]
[SourceDate "2012.11.22"]
[SourceVersion "1"]
[SourceVersionDate "2012.11.22"]
[SourceQuality "1"]

1. d4 e6 2. c4 f5 3. Nc3 Nf6 4. Nf3 Bb4 5. Bd2 b6 6. e3 Bb7 7. Be2 0-0 8. 0-0 d6 9. a3 Bxc3 10. Bxc3 Nbd7 11. b4 Ne4 12. Bb2 Rf6 13. d5 e5 14. Nd2 Nxd2 15. Qxd2 Qe7 16. f4 Re8 17. Bh5 Ref8 18. Bd1 Rh6 19. Bc2 Bc8 20. a4 g5 21. Rf2 g4 22. g3 Rhf6 23. a5 h5 24. axb6 axb6 25. Ra7 Qd8 26. Ba4 Re8 27. Qc2 Re7 28. Ra8 Rf8 29. Bb5 exf4 30. exf4 Re1+ 31. Rf1 Qe7 32. Qc3 Rxf1+ 33. Kxf1 Kh7 34. Qe1 Qxe1+ 35. Kxe1 Kg6 36. Bxd7 1-0